header

Two kingdoms of Uganda (Record no. 123393)

MARC details
000 -LEADER
fixed length control field 01295nam a2200325 a 4500
100 1# - MAIN ENTRY--AUTHOR NAME
Personal name Pulford, Cedric.
245 10 - TITLE STATEMENT
Title Two kingdoms of Uganda
260 ## - PUBLICATION, DISTRIBUTION, ETC. (IMPRINT)
Place of publication Woodford Halse, U.K. :
Name of publisher Ituri,
Year of publication 2011.
300 ## - PHYSICAL DESCRIPTION
Number of Pages xiv, 317 p. :
Other physical details ill., maps.
650 #0 - SUBJECT ADDED ENTRY--TOPICAL TERM
Topical Term Missions
856 40 - ELECTRONIC LOCATION AND ACCESS
Uniform Resource Identifier http://site.ebrary.com/lib/rucke/Doc?id=10457078

No items available.

© 2026 Rongo University
Contact us: librarian | system librarian | Rongo university